000
00304nam a22001337a 4500
008
170504b xxu||||| |||| 00| 0 eng d
020
_a
9781405197656
041
_a
eng
080
_a
34
100
_a
15
101
_a
SHJ
245
_a
UNDERSTANDING INTERNATIONAL LAW
_c
HENDERSON, C.W
942
_2
udc
_c
BK
999
_c
12702
_d
12702